Faktory ovplyvňujúce hodnotu domény

Doménové meno, potreba a význam jeho registrácie. Faktory ovplyvňujúce hodnotu domény.

Gespeichert in:
Bibliographische Detailangaben
1. Verfasser: Križan, Martin
Weitere Verfasser: Fabian, Peter
Format: Buchkapitel
Sprache:Slowakisch
Schlagworte:
Tags: Tag hinzufügen
Keine Tags, Fügen Sie das erste Tag hinzu!

MARC

LEADER 00000nla$a2200000$$$4500
001 0145052
005 20240502072614.6
041 0 |a slo 
044 |a SK 
245 1 0 |a Faktory ovplyvňujúce hodnotu domény  |c Martin Križan, Peter Fabian 
520 |a Doménové meno, potreba a význam jeho registrácie. Faktory ovplyvňujúce hodnotu domény. 
610 2 0 |a identita podniková 
610 2 0 |a internet 
100 1 |a Križan, Martin 
700 1 |a Fabian, Peter